000 00455nam a2200181Ia 4500
001 4741
005 20260306145817.0
008 260306t2013||||xx |||||||||||||| ||spa||
041 _aESP
082 _a330.015195
_bH43
100 _aHernández Alonso, José
_eAUT
245 0 _aModelos econométricos para el análisis económico
260 _c2013
300 _a217 páginas :
_c24 cm.
650 _aGEN
654 _aCAN
942 _cLIB
_dJUS
_fJUS
_2ddc
_n
999 _c4741
_d4741